Statistics for Arthur Franchise

Click here to take the quiz!

General Stats

  • This quiz has been taken 2 times
  • The average score is 2 of 38

Answer Stats

Type Year Name Info % Correct
TV Show1996-PresentArthurPBS Kids
100%
Children's Book1976Arthur's NoseMarc Brown
50%
Children's Book1979Arthur's EyesMarc Brown
50%
Video Game1999Arthur's Thinking GamesThe Learning Company
0%
Video Game1999Arthur's Math GamesThe Learning Company
0%
Video Game2000Arthur's PreschoolThe Learning Company
0%
Video Game2000Arthur's KindergartenThe Learning Company
0%
Video Game2000Arthur! Ready to RaceThe Learning Company
0%
Video Game2000Arthur's Wilderness RescueThe Learning Company
0%
Video Game2000Arthur's Absolutely Fun DayMattel Interactive / The Learning Company / Ed Magnin and Associates
0%
Video Game2000Arthur's Camping AdventureThe Learning Company / Mattel Interactive
0%
Video Game2002Arthur's 1st GradeThe Learning Company
0%
Video Game2002Arthur's 2nd GradeThe Learning Company
0%
Video Game2003Arthur's Sand Castle ContestRiverdeep Interactive Learning Limited
0%
Video Game2003Arthur's Pet ChaseThe Learning Company
0%
TV Show2004-2012Postcards from BusterPBS Kids Go!
0%
Film2006Arthur's Missing PalKidtoon Films / Lionsgate
0%
Children's Book1999Arthur's UnderwearMarc Brown
0%
Video Game1998Arthur's Computer AdventureBrøderbund Software / Random House
0%
Video Game1998D.W., the Picky EaterBrøderbund Software / Random House
0%
Children's Book1987Arthur's BabyMarc Brown
0%
Children's Book1981Arthur and the True FrancineMarc Brown
0%
Children's Book1982Arthur Goes to CampMarc Brown
0%
Children's Book1983Arthur's ThanksgivingMarc Brown
0%
Children's Book1984Arthur's ChristmasMarc Brown
0%
Children's Book1985Arthur's ToothMarc Brown
0%
Children's Book1986Arthur's Teacher TroubleMarc Brown
0%
Children's Book1989Arthur's BirthdayMarc Brown
0%
Children's Book1998Arthur Lost and FoundMarc Brown
0%
Children's Book1990Arthur's Pet BusinessMarc Brown
0%
Children's Book1993Arthur's Family VacationMarc Brown
0%
Children's Book1994Arthur's Chicken PoxMarc Brown
0%
Video Game1996Arthur's ReadingThe Learning Company
0%
Video Game1997Arthur's Reading GamesThe Learning Company
0%
Video Game1997Arthur's Reading RaceBrøderbund Software / Random House
0%
Children's Book2011Arthur Turns GreenMarc Brown
0%

Score Distribution

Percentile by Number Answered

Percent of People with Each Score

Your Score History

You have not taken this quiz